| 000 | 00657nam a2200181Ia 4500 | ||
|---|---|---|---|
| 008 | 090124s9999 xx 000 0 und d | ||
| 082 | _b25728 | ||
| 100 | _aम्हात्रे शैलजा सतीश | ||
| 245 | _a पोलीस नावाचा माणूस | ||
| 250 | _a1 | ||
| 260 |
_bसरस प्रकाशन _c1987 |
||
| 300 | _a101 | ||
| 600 | _aम्हात्रे शैलजा सतीश | ||
| 630 | _a पोलीस नावाचा माणूस | ||
| 700 | _aम्हात्रे शैलजा सतीश | ||
| 730 | _a पोलीस नावाचा माणूस | ||
| 942 | _cBOOK | ||
| 999 |
_c95539 _d95539 |
||